000 01484nac a22003851i 4500
003 EG-ScBUE
005 20241008100738.0
008 130620r20122006enka f 001 0 eng d
020 _a0521861535 (hbk.)
020 _a0521679710 (pbk.)
035 _a(OCoLC)ocm62532900
040 _aEG-ScBUE
_beng
_erda
_cEG-ScBUE
_dEG-ScBUE
082 0 4 _a515.1
_bRIL
_222
100 1 _aRiley, K. F.,
_eauthor.
_933397
245 1 0 _aMathematical methods for physics and engineering /
_cK.F. Riley, M.P. Hobson and S.J. Bence.
250 _aThird edition.
250 _aNinth printing.
264 1 _aCambridge ;
_aNew York :
_bCambridge University Press,
_c2012.
300 _axxvii, 1333 pages :
_billustrations ;
_c26 cm
336 _2rdacontent
_atext
_btxt
337 _aunmediated
_2rdamedia
_bn
338 _avolume
_bnc
_2rdacarrier
500 _aPrevious ed.: 2002.
500 _aIncludes index.
650 7 _aMathematical analysis.
_2BUEsh
_933398
650 7 _aEngineering mathematics.
_2BUEsh
_933399
650 7 _aMathematical physics.
_2BUEsh
_933400
653 _cJune2013
655 _vReading book
700 1 _aHobson, M. P.
_q(Michael Paul),
_d1967-
_eauthor.
_933401
700 1 _aBence, S. J.
_q(Stephen John),
_d1972-
_eauthor.
_933402
856 4 2 _3Publisher description
_uhttp://www.loc.gov/catdir/enhancements/fy0665/2006280779-d.html
856 4 2 _3Table of contents only
_uhttp://www.loc.gov/catdir/enhancements/fy0665/2006280779-t.html
942 _cNB
_2ddc
999 _c2475
_d2475